Automatización de un proceso industrial mediante un controlador programable SIMATIC 101U.
Guardat en:
| Autor principal: | |
|---|---|
| Format: | Llibre |
| Publicat: |
San José, Costa Rica
1987
|
| Matèries: | |
| Etiquetes: |
Afegir etiqueta
Sense etiquetes, Sigues el primer a etiquetar aquest registre!
|
MARC
| LEADER | 00000nam a2200000Ia 4500 | ||
|---|---|---|---|
| 003 | 004468 | ||
| 005 | 20221231144347.0 | ||
| 008 | 140114s1987 cr a m 000 ||s d | ||
| 040 | |c cru CEDI | ||
| 090 | |a TFG 2042 | ||
| 100 | |a Murillo Salzenberg, Ingrid |9 13751 | ||
| 245 | |a Automatización de un proceso industrial mediante un controlador programable SIMATIC 101U. | ||
| 260 | |c 1987 |a San José, Costa Rica | ||
| 300 | |a xiv, 153, [78] hojas : ilustraciones ; 27 cm | ||
| 500 | |a Proyecto de graduación (bachiller en ingeniería eléctrica)-- Universidad de Costa Rica. Facultad de Ingeniería. Escuela de Ingeniería Eléctrica | ||
| 650 | |x CONTROL AUTOMATICO |x ACEITES Y GRASAS - INDUSTRIA - AUTOMATIZACION |9 13752 | ||
| 942 | |c TFG | ||
| 999 | |c 20710 |d 20710 | ||
